Fast forward : Hollywood, the Japanese, and the VCR wars

Đã lưu trong:
書目詳細資料
主要作者: Lardner, James
格式: 圖書
語言:Undetermined
出版: New York W.W. Norton And Company 1987
主題:
標簽: 添加標簽
沒有標簽, 成為第一個標記此記錄!
Thư viện lưu trữ: Trung tâm Học liệu Trường Đại học Cần Thơ
LEADER 00534nam a2200193Ia 4500
001 CTU_82911
008 210402s9999 xx 000 0 und d
082 |a 338.4 
082 |b L321 
100 |a Lardner, James 
245 0 |a Fast forward : 
245 0 |b Hollywood, the Japanese, and the VCR wars 
245 0 |c James Lardner 
260 |a New York 
260 |b W.W. Norton And Company 
260 |c 1987 
650 |a Video recorder industry 
904 |i QHieu(sửa) 
980 |a Trung tâm Học liệu Trường Đại học Cần Thơ